First 25 U.S. Presidents - Sudden Death - Statistics

General Stats
  • This quiz has been taken 399 times
  • The average score is 15 of 25
Answers on the Grid
Answers color-coded by a green-red scale on the quiz's grid according to % correct below.
Abraham Lincoln
Andrew Jackson
Andrew Johnson
Barack Obama
Benjamin Harrison
Bill Clinton
Calvin Coolidge
Chester A. Arthur
Donald Trump
Dwight D. Eisenhower
Franklin D. Roosevelt
Franklin Pierce
George H.W. Bush
George W. Bush
George Washington
Gerald R. Ford
Grover Cleveland
Harry Truman
Herbert Hoover
James Buchanan
James Garfield
James K. Polk
James Madison
James Monroe
Jimmy Carter
Joe Biden
John Adams
John F. Kennedy
John Quincy Adams
John Tyler
Lyndon B. Johnson
Martin Van Buren
Millard Fillmore
Richard Nixon
Ronald Reagan
Rutherford B. Hayes
Theodore Roosevelt
Thomas Jefferson
Ulysses S. Grant
Warren Harding
William Henry Harrison
William McKinley
William Taft
Woodrow Wilson
Zachary Taylor
 
Answer Stats
Answer % Correct
Abraham Lincoln
90%
Andrew Jackson
77%
George Washington
72%
John Adams
72%
Andrew Johnson
70%
James Madison
67%
James Monroe
66%
John Quincy Adams
66%
Thomas Jefferson
64%
Martin Van Buren
63%
John Tyler
61%
Ulysses S. Grant
61%
James Buchanan
60%
James K. Polk
60%
Millard Fillmore
60%
Franklin Pierce
59%
Zachary Taylor
59%
Chester A. Arthur
53%
Rutherford B. Hayes
53%
Benjamin Harrison
51%
William Henry Harrison
51%
James Garfield
50%
Grover Cleveland
46%
William McKinley
44%
Theodore Roosevelt
30%
No matching quizzes found
Score Distribution
Percent of People with Each Score
Percentile by Number Answered
Your Score History
You have not taken this quiz